=LDR 00000nam 2200000 4500 =001 INLIS000000000004945 =005 20130612093216 =008 ***********************************Ind** =035 ##$$0010-061300000004945 =041 ##$$a Ind =082 ##$$a 928 =090 ##$$a 928, Han d =100 ##$$a HANAFIAH =245 ##$$a Drama Kedokteran / oleh Hanafiah. -- =260 ##$$a 1976 $b Jakarta : Gedung Bersejarah =300 ##$$a 65 hlm =850 ##$$a NBPNMAT